| 000 | 00732nam a2200217 a 4500 | ||
|---|---|---|---|
| 999 |
_c7584 _d7584 |
||
| 001 | 7584 | ||
| 003 | BD-JhCC | ||
| 005 | 20180212083623.0 | ||
| 008 | 180212s1973 bg a|||| ||a| 000 0 ben d | ||
| 035 | _a(BD-JhCC)7584 | ||
| 040 |
_aBD-JhCC _dBD-JhCC |
||
| 041 | _aben | ||
| 082 |
_a574 _bNAR 1973 |
||
| 100 | _aচৌধুরী,অমরেন্দ্র নারায়ণ | ||
| 245 |
_aউচ্চ মাধ্যমিক জীববিজ্ঞান / _cঅমরেন্দ্র নারায়ণ চৌধুরী . |
||
| 260 |
_aঢাকা : _bমল্লিকা ব্রাদার্স ; _c1973 . |
||
| 300 |
_a482 p. : _bill ; _c21 cm. |
||
| 651 | _aBiology | ||
| 942 |
_2lcc _cBK |
||